[Event "XXIV Open"]
[Site "Cappelle La Grande FRA"]
[Date "2008.02.21"]
[Round "7"]
[White "Shneider, Alek"]
[Black "Kotronias, V."]
[Result "0-1"]
[WhiteElo "2532"]
[BlackElo "2628"]
[PlyCount "93"]
[EventDate "2008.02.16"]
[SourceDate "1999.07.01"]

1. d4 Nf6 2. c4 g6 3. Nc3 Bg7 4. e4 d6 5. Be2 O-O 6. Nf3 e5 7. Be3 Nbd7 8. O-O
Re8 9. d5 Nh5 10. g3 Bf8 11. Ne1 Ng7 12. Nd3 Be7 13. Qd2 f5 14. f3 Nf6 15. c5
h5 16. cxd6 cxd6 17. exf5 Nxf5 18. Nf2 Kg7 19. Bd3 Bd7 20. Bxf5 gxf5 21. f4 e4
22. Bd4 Kg6 23. Nfd1 Rg8 24. Ne3 Kf7 25. Kh1 b5 26. b4 h4 27. gxh4 a5 28. Ne2
Nh5 29. Ng1 Bf6 30. Bxf6 Qxf6 31. Ng2 axb4 32. Nh3 Qc3 33. Ng5+ Ke7 34. Qe2 Nf6
35. Ne3 b3 36. Rac1 Rxa2 37. Qxa2 Qxe3 38. Qb2 Rh8 39. Rc3 Qd4 40. Qxb3 Qxd5
41. Qc2 b4 42. Rg3 Bc6 43. h3 Ra8 44. Rd1 Ra2 45. Qc1 Qc5 46. Re3 Qd5 47. Rg3
0-1

[Event "XXIV Open"]
[Site "Cappelle La Grande FRA"]
[Date "2008.02.22"]
[Round "8"]
[White "Arutinian, D."]
[Black "Miroshnichenko, E."]
[Result "1-0"]
[WhiteElo "2576"]
[BlackElo "2647"]
[PlyCount "97"]
[EventDate "2008.02.16"]
[SourceDate "1999.07.01"]

1. d4 Nf6 2. c4 g6 3. Nc3 Bg7 4. e4 O-O 5. Nf3 d6 6. Be2 e5 7. O-O Nc6 8. Be3
Ng4 9. Bg5 f6 10. Bc1 f5 11. d5 Ne7 12. Ng5 Nf6 13. exf5 gxf5 14. f4 e4 15. Be3
h6 16. Ne6 Bxe6 17. dxe6 c6 18. Qb3 Qc8 19. Rfd1 Rd8 20. Rd2 Qxe6 21. Rad1 Kh7
22. Qxb7 Rac8 23. Qxa7 Rd7 24. Qa6 Rg8 25. Qa3 Ne8 26. b4 Qf6 27. Na4 Ng6 28.
b5 Qh4 29. bxc6 Rc7 30. Kh1 Rxc6 31. c5 d5 32. Rxd5 Nf6 33. Rxf5 Ne7 34. Rxf6
Rxf6 35. g3 Qh3 36. Qb4 Nf5 37. Bf2 Re8 38. Rg1 e3 39. Be1 h5 40. Nc3 Nh6 41.
Ne4 Rg6 42. Ng5+ Rxg5 43. fxg5 Ng4 44. Rg2 Rf8 45. Qe4+ Kg8 46. Bc4+ Kh8 47.
Bd3 Kg8 48. Qh7+ Kf7 49. Bc4+ 1-0

[Event "ch-AZE"]
[Site "Baku AZE"]
[Date "2008.01.24"]
[Round "5"]
[White "Ibrahimov, R."]
[Black "Abbasov, F."]
[Result "1-0"]
[WhiteElo "2527"]
[BlackElo "2519"]
[PlyCount "103"]
[EventDate "2008.01.19"]
[SourceDate "1999.07.01"]

1. Nf3 g6 2. d4 Nf6 3. c4 Bg7 4. Nc3 d6 5. e4 O-O 6. Be2 e5 7. Be3 Nbd7 8. O-O
Re8 9. d5 Nh5 10. g3 Bf8 11. Ne1 Ng7 12. Nd3 f5 13. f3 Be7 14. Qd2 Nf6 15. Kg2
fxe4 16. fxe4 Ng4 17. Bxg4 Bxg4 18. h3 Bd7 19. Rf3 Rf8 20. Raf1 Rxf3 21. Rxf3
Qc8 22. Nf2 a6 23. Bh6 Nh5 24. a3 Nf6 25. Ncd1 Qe8 26. Ne3 Kh8 27. Bg5 Ng8 28.
Neg4 Bxg5 29. Qxg5 Kg7 30. Nf6 Nxf6 31. Qxf6+ Kg8 32. Ng4 Bxg4 33. hxg4 Qd7 34.
Kh3 Re8 35. b4 Qe7 36. Qxe7 Rxe7 37. c5 Kg7 38. g5 Rf7 39. cxd6 cxd6 40. Rc3
Kf8 41. a4 Kg7 42. b5 axb5 43. axb5 Kf8 44. b6 Kg7 45. Rc6 Rd7 46. Rc7 Rf7 47.
Kg2 Kg8 48. Rc8+ Kg7 49. Rd8 h6 50. gxh6+ Kxh6 51. Rxd6 Kh5 52. Re6 1-0

[Event "ch-AZE"]
[Site "Baku AZE"]
[Date "2008.01.26"]
[Round "7"]
[White "Ibrahimov, R."]
[Black "Mamedov, Nid"]
[Result "1/2-1/2"]
[WhiteElo "2527"]
[BlackElo "2574"]
[PlyCount "45"]
[EventDate "2008.01.19"]
[SourceDate "1999.07.01"]

1. Nf3 Nf6 2. c4 g6 3. Nc3 Bg7 4. e4 d6 5. d4 O-O 6. Be2 e5 7. Be3 c6 8. d5 Ng4
9. Bg5 f6 10. Bh4 c5 11. O-O h5 12. Ne1 Nh6 13. f3 g5 14. Bf2 f5 15. exf5 Nxf5
16. Nc2 Nd4 17. Nxd4 exd4 18. Ne4 Be5 19. Bg3 Bxg3 20. hxg3 Bf5 21. Bd3 Nd7 22.
f4 Qe8 23. Re1 1/2-1/2

[Event "4th Open A"]
[Site "Moscow RUS"]
[Date "2008.02.08"]
[Round "7"]
[White "Rakhmanov, Ale"]
[Black "Sutovsky, E."]
[Result "1-0"]
[WhiteElo "2524"]
[BlackElo "2642"]
[PlyCount "51"]
[EventDate "2008.02.02"]
[SourceDate "1999.07.01"]

1. Nf3 Nf6 2. c4 g6 3. Nc3 Bg7 4. e4 d6 5. d4 O-O 6. Be2 e5 7. O-O Nbd7 8. Re1
exd4 9. Nxd4 Re8 10. Bf1 c6 11. Bf4 Ne5 12. f3 a6 13. Kh1 c5 14. Nb3 Nh5 15.
Be3 Qh4 16. Kg1 Nc6 17. Qd2 Be5 18. g3 Qf6 19. Nd5 Qxf3 20. Be2 Qxe4 21. Bxh5
gxh5 22. Bg5 Qg6 23. Nf6+ Kf8 24. Qxd6+ Re7 25. Rxe5 Be6 26. Nd5 1-0

[Event "Bundesliga 2007-8"]
[Site "Godesberg GER"]
[Date "2008.02.10"]
[Round "9"]
[White "Kasimdzhanov, R."]
[Black "McShane, L."]
[Result "0-1"]
[WhiteElo "2681"]
[BlackElo "2592"]
[PlyCount "148"]
[EventDate "2008.02.09"]
[SourceDate "1999.07.01"]

1. d4 Nf6 2. c4 g6 3. Nc3 Bg7 4. e4 d6 5. Nf3 O-O 6. Be2 e5 7. O-O Nbd7 8. Re1
h6 9. Bf1 c6 10. Rb1 Nh7 11. b4 Ng5 12. d5 c5 13. Nxg5 hxg5 14. Nb5 Qe7 15. Be3
b6 16. a3 a6 17. Nc3 f5 18. f3 Bf6 19. bxc5 bxc5 20. Qa4 g4 21. Qc6 Ra7 22.
fxg4 Bh4 23. Re2 f4 24. Bf2 Bxf2+ 25. Rxf2 Nf6 26. h3 Rc7 27. Qa4 Bxg4 28. Qxa6
Bc8 29. Qa4 g5 30. Rb8 g4 31. Nb5 Rd7 32. Qc2 Qh7 33. Be2 gxh3 34. Bf3 Kh8 35.
Qc3 Qh4 36. Re2 Qg5 37. Rb6 Rh7 38. Nxd6 Bg4 39. Nf5 Rg8 40. Rb3 Bxf3 41. Qxf3
Ng4 42. Qxh3 f3 43. Rxf3 Qc1+ 44. Rf1 Qxc4 45. Qf3 Nh2 46. Qe3 Nxf1 47. Kxf1
Rh1+ 48. Kf2 Rg4 49. g3 Rh2+ 50. Kf3 Qxe2+ 51. Qxe2 Rxe2 52. Kxe2 Rxe4+ 53. Kd3
Ra4 54. d6 Kh7 55. Kc3 Ra7 56. Kc4 Kg6 57. g4 Kf6 58. Kxc5 Ke6 59. Kb4 Ra8 60.
a4 Rg8 61. Kb5 Rxg4 62. Ne3 Rg3 63. Nc4 e4 64. a5 e3 65. Nxe3 Rxe3 66. Kc6 Ra3
67. d7 Rc3+ 68. Kb7 Kxd7 69. a6 Rb3+ 70. Ka8 Kc7 71. a7 Kb6 72. Kb8 Rh3 73.
a8=N+ Kc6 74. Ka7 Rb3 0-1

[Event "13th HIT Open A"]
[Site "Nova Gorica SLO"]
[Date "2008.01.27"]
[Round "3"]
[White "Milanovic, Da"]
[Black "Markus, Rob"]
[Result "1/2-1/2"]
[WhiteElo "2510"]
[BlackElo "2575"]
[PlyCount "23"]
[EventDate "2008.01.26"]
[SourceDate "1999.07.01"]

1. d4 Nf6 2. c4 g6 3. Nc3 Bg7 4. e4 d6 5. Be2 O-O 6. Nf3 e5 7. O-O Na6 8. Be3
Ng4 9. Bg5 f6 10. Bh4 Nh6 11. dxe5 dxe5 12. Qd5+ 1/2-1/2

[Event "13th HIT Open A"]
[Site "Nova Gorica SLO"]
[Date "2008.01.30"]
[Round "7"]
[White "Gonda, L."]
[Black "Lenic, L."]
[Result "1/2-1/2"]
[WhiteElo "2507"]
[BlackElo "2568"]
[PlyCount "78"]
[EventDate "2008.01.26"]
[SourceDate "1999.07.01"]

1. d4 Nf6 2. c4 g6 3. Nc3 Bg7 4. e4 d6 5. Nf3 O-O 6. Be2 e5 7. O-O Nc6 8. Be3
exd4 9. Nxd4 Re8 10. f3 Nh5 11. Nxc6 bxc6 12. Qd2 c5 13. Nd5 Be6 14. Rab1 Rb8
15. b4 c6 16. Nf4 Nxf4 17. Bxf4 cxb4 18. Rxb4 Be5 19. Rxb8 Qxb8 20. Be3 f5 21.
exf5 Bxf5 22. f4 Bg7 23. Bf3 Be4 24. h3 Qc7 25. Bd4 Bxd4+ 26. Qxd4 Bxf3 27.
Rxf3 Qb6 28. c5 Qxc5 29. Qxc5 dxc5 30. Rc3 Kf7 31. Rxc5 Rc8 32. Kf2 Ke6 33. Ke3
Kd6 34. Ra5 Re8+ 35. Kd4 Re7 36. Ra6 Rf7 37. g3 Rb7 38. a3 Rf7 39. Ke4 Re7+
1/2-1/2

[Event "13th HIT Open A"]
[Site "Nova Gorica SLO"]
[Date "2008.01.31"]
[Round "8"]
[White "Erdos, V."]
[Black "Sedlak, N."]
[Result "1/2-1/2"]
[WhiteElo "2575"]
[BlackElo "2568"]
[PlyCount "120"]
[EventDate "2008.01.26"]
[SourceDate "1999.07.01"]

1. d4 Nf6 2. c4 g6 3. Nc3 Bg7 4. e4 d6 5. Nf3 O-O 6. Be2 e5 7. O-O c6 8. d5 Na6
9. Bg5 h6 10. Bh4 g5 11. Bg3 Nh5 12. Nd2 Nf4 13. Bg4 Qb6 14. Rb1 Qd4 15. h3 Nc5
16. Re1 f5 17. Bxf5 Bxf5 18. exf5 Rxf5 19. Nde4 cxd5 20. cxd5 Nxe4 21. Rxe4
Qxd1+ 22. Rxd1 Rc8 23. f3 a6 24. h4 gxh4 25. Bxh4 Bf8 26. Bg3 Ng6 27. Bf2 Rc7
28. Be3 h5 29. Kf2 Be7 30. Ke2 Rf7 31. Rh1 Rh7 32. Rb4 h4 33. Kd3 Rg7 34. Rh2
Bd8 35. Rg4 b5 36. Kd2 Nf4 37. Rxg7+ Rxg7 38. Bxf4 exf4 39. Ne2 Bf6 40. Kd3 Rg5
41. Nxf4 Rf5 42. Ne2 Rxd5+ 43. Kc2 Bg5 44. f4 Bf6 45. g3 Rc5+ 46. Kd3 Bxb2 47.
Rxh4 Bf6 48. Rh1 Rc4 49. Rc1 Ra4 50. Rc6 Rxa2 51. Rxd6 Kf7 52. Rb6 Be7 53. Nd4
Ra3+ 54. Ke4 Bc5 55. Rb7+ Kf6 56. g4 Ra4 57. g5+ Kg6 58. Rd7 a5 59. Ke5 Bxd4+
60. Rxd4 Rxd4 1/2-1/2

[Event "ch-CRO"]
[Site "Split CRO"]
[Date "2008.01.25"]
[Round "9"]
[White "Jankovic, A."]
[Black "Cvitan, O."]
[Result "1/2-1/2"]
[WhiteElo "2541"]
[BlackElo "2535"]
[PlyCount "87"]
[EventDate "2008.01.16"]
[SourceDate "1999.07.01"]

1. d4 Nf6 2. Nf3 g6 3. c4 Bg7 4. Nc3 O-O 5. e4 d6 6. Be2 e5 7. O-O c6 8. d5 Na6
9. Be3 Ng4 10. Bg5 f6 11. Bh4 c5 12. Ne1 Nh6 13. f3 Nf7 14. a3 Bh6 15. Bf2 f5
16. Nd3 b6 17. b4 Bd7 18. Qc2 Qe7 19. b5 Nc7 20. a4 Rab8 21. a5 Rb7 22. axb6
axb6 23. Ra3 Ne8 24. Ra8 Nf6 25. Rxf8+ Qxf8 26. Ra1 Ng5 27. Ne1 Nf7 28. Ra6 Bg5
29. Bd3 fxe4 30. Nxe4 Nxe4 31. Bxe4 Qh6 32. Ra8+ Kg7 33. Qa2 Bf5 34. Qa6 Re7
35. Qxb6 Be3 36. Qb8 Bxf2+ 37. Kxf2 Qd2+ 38. Kf1 Bxe4 39. fxe4 Qc1 40. b6 Qxc4+
41. Kf2 Qd4+ 42. Kf1 Qc4+ 43. Kf2 Qd4+ 44. Kf1 1/2-1/2

[Event "ch-BLR"]
[Site "Minsk BLR"]
[Date "2008.01.14"]
[Round "5"]
[White "Zhigalko, A."]
[Black "Fedorov, Alex"]
[Result "1/2-1/2"]
[WhiteElo "2556"]
[BlackElo "2607"]
[PlyCount "73"]
[EventDate "2008.01.10"]
[SourceDate "1999.07.01"]

1. d4 Nf6 2. c4 g6 3. Nc3 Bg7 4. e4 d6 5. Nf3 O-O 6. Be2 e5 7. O-O Nc6 8. d5
Ne7 9. b4 Nh5 10. Re1 a5 11. bxa5 Rxa5 12. Nd2 Nf4 13. Bf1 b6 14. a4 Bd7 15.
Nb3 Ra8 16. a5 bxa5 17. c5 a4 18. Nd2 dxc5 19. Nc4 Nc8 20. Be3 Nb6 21. g3 Nh3+
22. Kg2 Qf6 23. Nxb6 cxb6 24. Bb5 Bxb5 25. Nxb5 Nf4+ 26. gxf4 exf4 27. Bd2 Qxa1
28. Qxa1 Bxa1 29. Rxa1 g5 30. Kf3 f6 31. Ke2 a3 32. Rxa3 Rxa3 33. Nxa3 Ra8 34.
Nb5 Ra2 35. Kd3 Kf8 36. Nd6 f3 37. Be3 1/2-1/2

[Event "ch-CRO"]
[Site "Split CRO"]
[Date "2008.01.18"]
[Round "3"]
[White "Jankovic, A."]
[Black "Jovanovic, Zo CRO"]
[Result "1/2-1/2"]
[WhiteElo "2541"]
[BlackElo "2525"]
[PlyCount "47"]
[EventDate "2008.01.16"]
[SourceDate "1999.07.01"]

1. d4 d6 2. Nf3 g6 3. c4 Bg7 4. Nc3 Nf6 5. e4 O-O 6. Be2 e5 7. O-O Qe8 8. dxe5
dxe5 9. b4 Bg4 10. b5 Bxf3 11. Bxf3 Qe6 12. Nd5 Rc8 13. Be3 Nbd7 14. c5 Bf8 15.
Nxf6+ Nxf6 16. a4 c6 17. Rc1 cxb5 18. axb5 a6 19. Be2 axb5 20. Bxb5 Rc7 21. Bc4
Qe8 22. Qf3 Nd7 23. Bb5 Qe6 24. Bc4 1/2-1/2

[Event "37th Rilton Cup"]
[Site "Stockholm SWE"]
[Date "2007.12.31"]
[Round "5"]
[White "Nyback, T."]
[Black "Kotronias, V."]
[Result "1/2-1/2"]
[WhiteElo "2565"]
[BlackElo "2614"]
[PlyCount "110"]
[EventDate "2007.12.27"]
[SourceDate "1999.07.01"]

1. d4 Nf6 2. c4 g6 3. Nc3 Bg7 4. e4 d6 5. Nf3 O-O 6. Be2 e5 7. O-O Nc6 8. d5
Ne7 9. Ne1 Nd7 10. Be3 f5 11. f3 f4 12. Bf2 g5 13. Rc1 Rf6 14. c5 Nxc5 15. b4
Na6 16. Nb5 Bd7 17. Nxa7 Rg6 18. Bxa6 bxa6 19. Qc2 Nc8 20. Qxc7 Nxa7 21. Qxd8+
Rxd8 22. Bxa7 g4 23. fxg4 Rxg4 24. Nf3 Bb5 25. Rc6 Bf8 26. Bb6 Rb8 27. Rfc1 Bd3
28. Bc7 Rb7 29. Bxd6 Bxe4 30. Rc8 Bxf3 31. Rxf8+ Kg7 32. Rcc8 Rxg2+ 33. Kf1 Kh6
34. Bxe5 Rxb4 35. Bxf4+ Kh5 36. Bc1 Be4 37. d6 Rd4 38. Rc5+ Kh4 39. Rf4+ Rg4
40. Rxg4+ Kxg4 41. Rg5+ Kh4 42. Re5 Bc6 43. Ba3 Rd1+ 44. Ke2 Ra1 45. Bb4 Rxa2+
46. Bd2 Ra3 47. Re7 Bb5+ 48. Kd1 Rd3 49. Rxh7+ Kg4 50. Rh6 Rh3 51. Rf6 Rxh2 52.
Rf4+ Kg3 53. Rf7 Rh5 54. Bf4+ Kg4 55. Kd2 Rf5 1/2-1/2

[Event "37th Rilton Cup"]
[Site "Stockholm SWE"]
[Date "2008.01.05"]
[Round "9"]
[White "Ivanov, Sergey1"]
[Black "Kotronias, V."]
[Result "1/2-1/2"]
[WhiteElo "2532"]
[BlackElo "2614"]
[PlyCount "239"]
[EventDate "2007.12.27"]
[SourceDate "1999.07.01"]

1. d4 Nf6 2. c4 g6 3. Nc3 Bg7 4. e4 d6 5. Nf3 O-O 6. Be2 e5 7. Be3 c6 8. O-O
exd4 9. Bxd4 Re8 10. Qc2 Nbd7 11. Rfe1 Bh6 12. Rad1 Qe7 13. b4 b6 14. a3 Bb7
15. Bf1 Ne5 16. Nxe5 dxe5 17. Be3 Bxe3 18. Rxe3 Red8 19. Red3 Kg7 20. g3 Rxd3
21. Qxd3 a5 22. Qb1 axb4 23. axb4 h5 24. c5 bxc5 25. bxc5 Ra5 26. Rc1 Bc8 27.
Qb8 Qxc5 28. Ne2 Qa7 29. Qxa7 Rxa7 30. Rxc6 Bg4 31. Nc3 Ra1 32. Kg2 h4 33. gxh4
Rc1 34. Rc4 Be6 35. Nd5 Ra1 36. f3 Bxd5 37. exd5 Nxd5 38. Re4 Nf4+ 39. Kf2 Ra2+
40. Kg1 Ra5 41. Rb4 Ra3 42. Rb5 f6 43. Kf2 Ra2+ 44. Kg1 Ra4 45. Rb7+ Kh6 46.
Rc7 Rd4 47. Kf2 Rd2+ 48. Kg1 Rd4 49. Kf2 Nh5 50. Rc4 Rd2+ 51. Kg1 Rd6 52. Rc8
Rd4 53. Rc4 Rd1 54. Kf2 Rb1 55. Rc6 Rb2+ 56. Kg1 Rb4 57. Bc4 Nf4 58. Bf1 Rb1
59. Kf2 Rb2+ 60. Kg1 Nd5 61. Rd6 Ne3 62. Bh3 f5 63. Re6 Rb5 64. Kf2 f4 65. Re7
Rb2+ 66. Kg1 Rb1+ 67. Kf2 Rh1 68. Bd7 Rxh2+ 69. Ke1 Ng2+ 70. Kf1 Nxh4 71. Bg4
Rb2 72. Rxe5 Ng2 73. Kg1 Ne3 74. Bh3 Re2 75. Rc5 Rd2 76. Re5 Nc2 77. Bg4 Ne3
78. Bh3 Rd1+ 79. Kh2 Rd2+ 80. Kg1 Rd8 81. Rc5 Kg7 82. Re5 Kf6 83. Rc5 Rd2 84.
Ra5 Nd5 85. Bf1 Ne3 86. Bh3 Rd1+ 87. Kh2 Rd5 88. Rxd5 Nxd5 89. Bd7 Ne3 90. Kh3
Nc4 91. Bc6 Ne5 92. Be4 g5 93. Bd5 Ke7 94. Kg2 Kd6 95. Be4 Kc5 96. Kf2 Kd4 97.
Bf5 Kc3 98. Ke2 Nc6 99. Be4 Nd4+ 100. Kf2 Kd2 101. Bd5 Nc2 102. Be4 Ne1 103.
Bb7 Nd3+ 104. Kg2 Ke3 105. Kh3 Ne5 106. Kg2 Ke2 107. Ba8 Ke1 108. Bb7 Nc4 109.
Kh3 Ne3 110. Ba8 Kf2 111. Bb7 Kg1 112. Ba8 Kf1 113. Bb7 Kf2 114. Ba8 Nc4 115.
Kg4 Ne5+ 116. Kxg5 Kg3 117. Kf5 Nxf3 118. Ke4 Ne1 119. Kd4 f3 120. Bxf3 1/2-1/2

[Event "CERRADO GM"]
[Site "Mondariz-Balneario ESP"]
[Date "2008.01.05"]
[Round "9"]
[White "Paunovic, D."]
[Black "Movsziszian, K."]
[Result "1/2-1/2"]
[WhiteElo "2535"]
[BlackElo "2531"]
[PlyCount "26"]
[EventDate "2007.12.26"]
[SourceDate "1999.07.01"]

1. d4 Nf6 2. c4 g6 3. Nc3 Bg7 4. e4 d6 5. Be2 O-O 6. Nf3 e5 7. dxe5 dxe5 8.
Qxd8 Rxd8 9. Bg5 Re8 10. Nd5 Nxd5 11. cxd5 c6 12. Bc4 cxd5 13. Bxd5 Nd7 1/2-1/2

[Event "Chigorin Memorial"]
[Site "St Petersburg RUS"]
[Date "2008.10.09"]
[Round "7"]
[White "Zontakh, A."]
[Black "Demchenko, A."]
[Result "1-0"]
[WhiteElo "2579"]
[BlackElo "2510"]
[PlyCount "63"]
[EventDate "2008.10.04"]
[SourceDate "1999.07.01"]

1. d4 Nf6 2. c4 g6 3. Nc3 Bg7 4. e4 O-O 5. Nf3 d6 6. Be2 e5 7. Be3 Ng4 8. Bg5
f6 9. Bh4 g5 10. Bg3 Nh6 11. dxe5 dxe5 12. Qd5+ Kh8 13. Qxd8 Rxd8 14. h4 g4 15.
Nd2 Na6 16. O-O-O f5 17. f4 exf4 18. Bxf4 Re8 19. Rhf1 fxe4 20. Ndxe4 Bf5 21.
Ng3 Bg6 22. h5 Bf7 23. Kb1 Be6 24. Nb5 Nf5 25. Nxf5 Bxf5+ 26. Bd3 Bxd3+ 27.
Rxd3 Re2 28. Rd2 Rxd2 29. Bxd2 Rd8 30. Bg5 Rg8 31. h6 Be5 32. Rf5 1-0

[Event "Chigorin Memorial"]
[Site "St Petersburg RUS"]
[Date "2008.10.10"]
[Round "8"]
[White "Yevseev, D."]
[Black "Savchenko, B."]
[Result "1/2-1/2"]
[WhiteElo "2534"]
[BlackElo "2648"]
[PlyCount "52"]
[EventDate "2008.10.04"]
[SourceDate "1999.07.01"]

1. d4 Nf6 2. c4 g6 3. Nc3 Bg7 4. e4 d6 5. Be2 O-O 6. Nf3 e5 7. O-O Na6 8. Be3
h6 9. dxe5 Ng4 10. Bd2 dxe5 11. h3 Nf6 12. Be3 Nh5 13. c5 Nf4 14. Bxa6 bxa6 15.
Qxd8 Rxd8 16. Bxf4 exf4 17. Nd5 Kh7 18. Rad1 Bb7 19. b4 g5 20. Nxc7 Rac8 21.
Nd5 a5 22. a3 Bb2 23. Ne7 Rxd1 24. Rxd1 Rc7 25. Nd5 Rc8 26. Ne7 Rc7 1/2-1/2

[Event "Zvenigorodskaya Open A"]
[Site "Zvenigorod RUS"]
[Date "2008.09.27"]
[Round "5"]
[White "Belov, Vl"]
[Black "Amonatov, F."]
[Result "1/2-1/2"]
[WhiteElo "2561"]
[BlackElo "2650"]
[PlyCount "25"]
[EventDate "2008.09.25"]
[SourceDate "1999.07.01"]

1. Nf3 Nf6 2. c4 g6 3. d4 Bg7 4. Nc3 O-O 5. e4 d6 6. Be2 e5 7. Be3 Ng4 8. Bg5
f6 9. Bh4 g5 10. Bg3 Nh6 11. h3 Nc6 12. d5 Ne7 13. Qd2 1/2-1/2

[Event "Zvenigorodskaya Open A"]
[Site "Zvenigorod RUS"]
[Date "2008.09.29"]
[Round "8"]
[White "Buhmann, R."]
[Black "Kokarev, Dm"]
[Result "1/2-1/2"]
[WhiteElo "2561"]
[BlackElo "2582"]
[PlyCount "31"]
[EventDate "2008.09.25"]
[SourceDate "1999.07.01"]

1. Nf3 Nf6 2. c4 g6 3. Nc3 Bg7 4. e4 O-O 5. d4 d6 6. Be2 e5 7. O-O exd4 8. Nxd4
Re8 9. f3 c6 10. Kh1 Nbd7 11. Bg5 Qb6 12. Be3 Qxb2 13. Na4 Qa3 14. Bc1 Qb4 15.
Bd2 Qa3 16. Bc1 1/2-1/2

[Event "38th Olympiad"]
[Site "Dresden GER"]
[Date "2008.11.13"]
[Round "1"]
[White "Bacrot, E."]
[Black "Djukic, Ni"]
[Result "1-0"]
[WhiteElo "2705"]
[BlackElo "2519"]
[PlyCount "117"]
[EventDate "2008.11.13"]
[SourceDate "1999.07.01"]

1. d4 Nf6 2. c4 g6 3. Nc3 Bg7 4. e4 d6 5. Nf3 O-O 6. Be2 e5 7. O-O Nc6 8. d5
Ne7 9. b4 a5 10. Ba3 b6 11. bxa5 Nh5 12. Re1 f5 13. Bb4 bxa5 14. Ba3 Nf4 15. c5
fxe4 16. Nxe4 Nxe2+ 17. Qxe2 Nf5 18. Qc2 h6 19. Rac1 Rf7 20. Qa4 Bf8 21. Rc3
Bd7 22. Qd1 Rb8 23. h3 Rb5 24. Qd3 Qb8 25. Rcc1 Be8 26. g4 Ng7 27. Nh4 Rf4 28.
Ng2 Rf7 29. Nc3 Rb7 30. c6 Rb6 31. Na4 Rb5 32. Ne3 Rf4 33. Nc3 Rb6 34. Nc4 Rd4
35. Qe2 Rb4 36. Bxb4 Qxb4 37. Ne4 Be7 38. Red1 Bf7 39. Rxd4 exd4 40. Qf3 Ne8
41. Qd3 Bxd5 42. Qxd4 Bxc6 43. a3 Qb5 44. Re1 Qd5 45. Qxd5+ Bxd5 46. Nxa5 Kf7
47. a4 c5 48. Nc3 Ba8 49. Nc4 Bc6 50. a5 Nc7 51. Ne4 Bxe4 52. Rxe4 d5 53. Ne5+
Kg7 54. Re1 Bd6 55. Kf1 Kf6 56. Nd7+ Kg5 57. a6 c4 58. a7 Kf4 59. Re6 1-0

[Event "38th Olympiad"]
[Site "Dresden GER"]
[Date "2008.11.19"]
[Round "6"]
[White "Iotov, V."]
[Black "Vajda, Le"]
[Result "0-1"]
[WhiteElo "2532"]
[BlackElo "2582"]
[PlyCount "72"]
[EventDate "2008.11.13"]
[SourceDate "1999.07.01"]

1. d4 Nf6 2. c4 g6 3. Nc3 Bg7 4. e4 d6 5. Nf3 O-O 6. Be2 e5 7. O-O Nc6 8. d5
Ne7 9. Ne1 Nd7 10. Be3 f5 11. f3 f4 12. Bf2 g5 13. Rc1 a6 14. Nd3 b6 15. b4 Rf6
16. c5 Rh6 17. cxd6 cxd6 18. Be1 Nf6 19. Nf2 Rg6 20. Bd2 h5 21. g4 fxg3 22.
hxg3 g4 23. f4 exf4 24. Bxf4 h4 25. Nd3 Nh5 26. Qd2 Nxg3 27. Bxg3 hxg3 28. Kg2
Bd7 29. Qf4 Qe8 30. Qxg3 Rh6 31. Rh1 Rxh1 32. Kxh1 Qg6 33. Bf1 Rc8 34. Ne2
Qxe4+ 35. Bg2 Qxe2 36. Re1 Nf5 0-1

[Event "38th Olympiad"]
[Site "Dresden GER"]
[Date "2008.11.25"]
[Round "11"]
[White "Bacrot, E."]
[Black "Radjabov, T."]
[Result "1/2-1/2"]
[WhiteElo "2705"]
[BlackElo "2751"]
[PlyCount "66"]
[EventDate "2008.11.13"]
[SourceDate "1999.07.01"]

1. d4 Nf6 2. c4 g6 3. Nc3 Bg7 4. e4 d6 5. Nf3 O-O 6. Be2 e5 7. O-O Nc6 8. d5
Ne7 9. b4 Nh5 10. Re1 f5 11. Ng5 Nf6 12. Bf3 c6 13. b5 h6 14. Ne6 Bxe6 15. dxe6
fxe4 16. Nxe4 Nxe4 17. Bxe4 d5 18. cxd5 cxd5 19. Ba3 dxe4 20. Qxd8 Rfxd8 21.
Bxe7 Re8 22. Bc5 Rxe6 23. Rad1 a6 24. bxa6 Rexa6 25. a3 Bf8 26. Bxf8 Kxf8 27.
Rxe4 Rxa3 28. Rxe5 Ra1 29. Rf1 Rxf1+ 30. Kxf1 Ra1+ 31. Ke2 Ra2+ 32. Ke3 Ra3+
33. Ke2 Ra2+ 1/2-1/2

[Event "Bundesliga 2008-9"]
[Site "Dresden GER"]
[Date "2008.11.28"]
[Round "7"]
[White "Socko, B."]
[Black "Maiwald, JU."]
[Result "1-0"]
[WhiteElo "2631"]
[BlackElo "2508"]
[PlyCount "123"]
[EventDate "2008.10.03"]
[SourceDate "1999.07.01"]

1. d4 Nf6 2. c4 g6 3. Nc3 Bg7 4. e4 d6 5. Be2 O-O 6. Nf3 e5 7. Be3 c6 8. d5 Ng4
9. Bg5 f6 10. Bh4 c5 11. O-O Nh6 12. Ne1 Nd7 13. f3 Nf7 14. a3 Bh6 15. Bf2 f5
16. b4 b6 17. Nd3 Nf6 18. Kh1 Nh5 19. bxc5 bxc5 20. Rb1 Bg5 21. exf5 Bxf5 22.
Ne4 Bh6 23. Rb7 Bc8 24. Rb2 Bf5 25. Re1 Rb8 26. Rxb8 Qxb8 27. Qc2 Qd8 28. Rb1
Nf6 29. Ng3 e4 30. fxe4 Nxe4 31. Nxf5 gxf5 32. Rf1 Nd2 33. Rg1 Qe7 34. Bf3 Nh8
35. Be1 Nxf3 36. gxf3+ Ng6 37. Bf2 Bg7 38. Re1 Qg5 39. Qe2 Kh8 40. Bg3 Qf6 41.
Nf4 Nxf4 42. Bxf4 Bh6 43. Bxh6 Qxh6 44. Qe7 Qg7 45. Qxg7+ Kxg7 46. Kg2 Kf7 47.
Kg3 Rg8+ 48. Kf4 Rg2 49. Re6 Rxh2 50. Rxd6 Rh4+ 51. Kxf5 Rxc4 52. Rd7+ Ke8 53.
Rxh7 Rc3 54. Rxa7 Rxf3+ 55. Ke6 Re3+ 56. Kd6 c4 57. Ra8+ Kf7 58. Rc8 Rxa3 59.
Rxc4 Rd3 60. Re4 Ra3 61. Kc7 Ra7+ 62. Kb6 1-0

[Event "77th ch-UKR"]
[Site "Poltava UKR"]
[Date "2008.12.07"]
[Round "6"]
[White "Korobov, A."]
[Black "Miroshnichenko, E."]
[Result "0-1"]
[WhiteElo "2605"]
[BlackElo "2632"]
[PlyCount "102"]
[EventDate "2008.12.02"]
[SourceDate "1999.07.01"]

1. d4 Nf6 2. c4 g6 3. Nc3 Bg7 4. e4 d6 5. Nf3 O-O 6. Be2 e5 7. O-O Na6 8. d5
Nc5 9. Qc2 a5 10. Bg5 h6 11. Be3 b6 12. Nd2 Bg4 13. f3 Bd7 14. b3 Nh5 15. Rfe1
Bf6 16. g3 Bg5 17. Bf2 Ng7 18. Rad1 f5 19. a3 f4 20. Kg2 h5 21. Rh1 Qc8 22. b4
axb4 23. axb4 Bh3+ 24. Kg1 Nd7 25. Nb5 Ne8 26. Nb1 Ndf6 27. N1c3 Rf7 28. Qd3
Ng7 29. Bf1 Bxf1 30. Qxf1 Qd7 31. Qg2 Raf8 32. h3 fxg3 33. Bxg3 Nh7 34. Rd3 h4
35. Bf2 Nh5 36. Qg4 Qd8 37. Kf1 Nf4 38. Rd1 Be7 39. Ke1 Ng5 40. Bxh4 Nxf3+ 41.
Qxf3 Ng2+ 42. Qxg2 Bxh4+ 43. Kd2 Rf2+ 44. Qxf2 Rxf2+ 45. Kd3 Qf8 46. c5 dxc5
47. bxc5 Qxc5 48. Rhf1 Rh2 49. Rf3 Bg5 50. Rg3 Qf2 51. Rdg1 Rxh3 0-1

[Event "Bundesliga 2008-9"]
[Site "Wattenscheid GER"]
[Date "2008.12.14"]
[Round "9"]
[White "Werle, J."]
[Black "Degraeve, JM."]
[Result "1-0"]
[WhiteElo "2582"]
[BlackElo "2544"]
[PlyCount "59"]
[EventDate "2008.10.03"]
[SourceDate "1999.07.01"]

1. Nf3 g6 2. c4 Bg7 3. d4 d6 4. Nc3 Nf6 5. e4 O-O 6. Be2 e5 7. O-O Nc6 8. d5
Ne7 9. b4 Nh5 10. Re1 f5 11. Nd2 Nf6 12. a4 a5 13. bxa5 c5 14. Nb3 Nxe4 15.
Nxe4 fxe4 16. Nd2 Bh6 17. Nxe4 Bxc1 18. Qxc1 Rxa5 19. Ra3 Bf5 20. Ng5 Kg7 21.
g4 h6 22. Nh3 Bc8 23. f4 exf4 24. Nxf4 Ng8 25. Rf3 Qg5 26. Qc3+ Rf6 27. Qxa5
Bxg4 28. Rg3 Rxf4 29. Bxg4 Rxg4 30. Qc7+ 1-0

[Event "TCh-SLO"]
[Site "Murska Sobota SLO"]
[Date "2008.12.08"]
[Round "3"]
[White "Volokitin, And"]
[Black "Kozul, Z."]
[Result "1-0"]
[WhiteElo "2659"]
[BlackElo "2593"]
[PlyCount "55"]
[EventDate "2008.12.06"]
[SourceDate "1999.07.01"]

1. d4 Nf6 2. c4 g6 3. Nc3 Bg7 4. e4 d6 5. Nf3 O-O 6. Be2 e5 7. O-O Nbd7 8. Re1
h6 9. Qc2 Nh7 10. dxe5 dxe5 11. Be3 f5 12. exf5 gxf5 13. Rad1 c6 14. c5 Kh8 15.
g3 Qe8 16. Nh4 e4 17. Rd6 Rf6 18. Bd4 Ne5 19. Nxe4 fxe4 20. Rxf6 Bxf6 21. Bxe5
Bxe5 22. Qxe4 Bf5 23. Qxf5 Bxb2 24. Ng6+ Kg7 25. Nf4 Kh8 26. Ng6+ Kg7 27. Rb1
Qe5 28. Qg4 1-0